000 00564nam a22002057a 4500
003 koha_MIRAKIL
005 20231213095954.0
008 231213b |||||||| |||| 00| 0 ||| d
020 _b978-6-05-552319-0
040 _aTR-IsEVY
_btur
_cTR-IsEVY
082 _a793.7 KIV
100 _ahaz. Ahmet Bilal Yaprakdal.
245 0 _aKıvrak zeka
_beğlenceli, sözel, mantık soruları
250 _a13. bs.
260 _bUğurböceği Yayınları,
_c2015
300 _a135 s.
650 _aIntelligence games.
650 _aKelime oyunları.
942 _2ddc
_cBK
999 _c12416
_d12416